000 00608nam a2200229Ia 4500
003 OSt
005 20221007075644.0
006 a|||||r|||| 00| 0
007 ta
008 221006b |||||||| |||| 00| 0 eng d
024 _a11,793
037 _cTextual
040 _aFLL
_cFLL
_beng
041 _2eng
_aeng
082 _aV2:13.N78-N60, M4
100 _aChaturvedi T.N. Ed.
245 0 _aUnion-state relations
260 _aNew Delhi
_bNational India
_c1984
300 _a283p
_ccm.
942 _hV2:13.N78-N60, M4
_cTEXL
_2CC
999 _c1156895
_d1156895